书目信息 |
| 题名: |
学通ASP. NET的24堂课
|
|
| 作者: | 房大伟 , 刘云峰 , 吕双 编著 | |
| 分册: | ||
| 出版信息: | 北京 清华大学出版社 2011.06 |
|
| 页数: | 18,722页 | |
| 开本: | 26cm | |
| 丛书名: | ||
| 单 册: | ||
| 中图分类: | TP393.092 | |
| 科图分类: | ||
| 主题词: | 网页制作工具 | |
| 电子资源: | ||
| ISBN: | 978-7-302-25540-6 | |
| 000 | 01114nam0 2200325 450 | |
| 001 | 2658829082 | |
| 005 | 20260108162213.12 | |
| 010 | @a978-7-302-25540-6@dCNY79.80 | |
| 049 | @aA210000LPL@bUCS01004904348@c012004552591 | |
| 090 | @aTP393.09@bfdw | |
| 096 | @aTP393.09@bfdw | |
| 100 | @a20110804d2011 em y0chiy50 ea | |
| 101 | 0 | @achi |
| 102 | @aCN@b110000 | |
| 105 | @ay z 000yy | |
| 200 | 1 | @a学通ASP. NET的24堂课 @f房大伟,刘云峰,吕双等编著 @9xue tong ASP.NET de 24 tang ke |
| 210 | @a北京@c清华大学出版社@d2011.06 | |
| 215 | @a18,722页@d26cm@e1光盘 | |
| 300 | @a软件开发羊皮卷 | |
| 307 | @a附光盘:ISBN 978-7-89444-439-4 | |
| 330 | @a本书以24堂课的形式,从初中级用户的角度出发,全面讲述了使用ASP.NET进行程序开发的必备知识和技能,内容安排科学合理,突出学、练、用相结合。 | |
| 503 | @n河南城建学院图书馆 | |
| 606 | 0 | @a网页制作工具 |
| 610 | 0 | @aASP |
| 690 | @aTP393.092@v4 | |
| 701 | 0 | @a房大伟@4编著@9fang da wei |
| 701 | 0 | @a刘云峰@c(计算机软件)@4编著@9liu yun feng |
| 701 | 0 | @a吕双@4编著@9lv shuang |
| 801 | 0 | @aCN@bMuseLib.NET@c20110804 |
| 905 | @aZUCC@dTP393.092@eF2681 | |
| 学通ASP. NET的24堂课 /房大伟,刘云峰,吕双等编著 .-北京:清华大学出版社,2011.06 |
| 18,722页;26cm+1光盘 |
| 软件开发羊皮卷 |
| ISBN 978-7-302-25540-6:CNY79.80 |
| 本书以24堂课的形式,从初中级用户的角度出发,全面讲述了使用ASP.NET进行程序开发的必备知识和技能,内容安排科学合理,突出学、练、用相结合。 |
| ● |
| 相关链接 |
|
|
|
正题名:学通ASP. NET的24堂课
索取号:TP393.092/F2681
 
预约/预借
| 序号 | 登录号 | 条形码 | 馆藏地/架位号 | 状态 | 备注 |
| 1 | 1059995 | 210599958 | 自科库301/301自科库 125排2列1层/ [索取号:TP393.092/F2681] | 在馆 |